| 000 | 00385nam a2200133Ia 4500 | ||
|---|---|---|---|
| 005 | 20260328104250.0 | ||
| 008 | 260328s9999||||xx |||||||||||||| ||und|| | ||
| 100 | _aPeñaherrera Mateus, Andrés | ||
| 245 | 0 |
_aSignificado de las piramides Mesoamericanas. Teoría Totémica / _cAndrés Peñaherrera Mateus |
|
| 260 | _bFraga | ||
| 300 | _a127 p. | ||
| 650 | _aEDAD MEDIA | ||
| 942 | _cBK | ||
| 999 |
_c10204 _d10204 |
||